PIC microcontroller and embedded systems: (Record no. 180467)

MARC details
000 -LEADER
fixed length control field 00749nam a22002177a 4500
005 - DATE AND TIME OF LATEST TRANSACTION
control field 20210810113801.0
010 ## - LCCN (DPL NO)
LC control number ENG-129732
020 ## - INTERNATIONAL STANDARD BOOK NUMBER
International Standard Book Number 9789353941833
Terms of availability 879.00
035 ## - SYSTEM CONTROL NUMBER
System control number EN-113264
037 ## - SOURCE OF ACQUISITION
Source of stock number/acquisition DBAD/PUB
082 ## - DEWEY DECIMAL CLASSIFICATION NUMBER
Classification number 629.895
100 ## - MAIN ENTRY--PERSONAL NAME
Personal name Mazidi, Muhammad Ali
245 ## - TITLE STATEMENT
Title PIC microcontroller and embedded systems:
Remainder of title using assembly and C for PIC18 /
Statement of responsibility, etc by Muhammad Ali Mazidi, Danny E. Causey [and] Rolin D. McKinlay
250 ## - EDITION STATEMENT
Edition statement 2nd ed.
260 ## - PUBLICATION, DISTRIBUTION, ETC. (IMPRINT)
Place of publication, distribution, etc Noida
Name of publisher, distributor, etc Pearson
Date of publication, distribution, etc 2021
270 ## - ADDRESS
Address 15th Floor, Tower-B, World Trade Tower, Plot No.1, Block-C, Sector-16
City Noida
Postal code 201301
300 ## - PHYSICAL DESCRIPTION
Extent 657p.:
Other physical details ill.
Dimensions 28cm(pbk)
700 ## - ADDED ENTRY--PERSONAL NAME
Personal name Causey, Danny E.
700 ## - ADDED ENTRY--PERSONAL NAME
Personal name McKinlay, Rolin D.
942 ## - ADDED ENTRY ELEMENTS (KOHA)
Source of classification or shelving scheme Dewey Decimal Classification
Item type English Books
Classification part 629.895
Call number suffix MAZ
Holdings
Withdrawn status Lost status Not for loan Collection code Home library Current library Date acquired Source of acquisition Cost, normal purchase price Full call number Barcode Copy number Cost, replacement price Koha item type
      Non-fiction Patel Nagar Patel Nagar 10/08/2021 DBAD/PUB 879.00 629.895 MAZ EN-113264 1 879.00 English Books

© Delhi Public Library
Hit Counter
free hit counter